Países más visitados de África - Estadísticas

Estadísticas generales
  • Esta prueba ha sido intentada 133 veces
  • La puntuación promedio es 7 de 10
Estadísticas de respuestas
Turistas (en 2016) Pais % Correcto
5.3 million Egipto
100%
10.3 million Marruecos
99%
10.0 million Sudáfrica
98%
2.0 million Argelia
88%
5.7 million Túnez
86%
1.9 million Nigeria
80%
1.6 million Mozambique
51%
1.5 million Namibia
46%
2.2 million Zimbabue
32%
1.6 million Costa de Marfil
31%
No se encontraron pruebas coincidentes
Distribución de puntuación
Porcentaje de gente con cada puntuación
Porcentaje por número respondido
Historial de tus puntuaciones
No has intentado esta prueba.